La revolución del 80 / (Record no. 3078)
[ view plain ]
| 000 -LEADER | |
|---|---|
| fixed length control field | 01512nam a22001817a 4500 |
| 008 - FIXED-LENGTH DATA ELEMENTS--GENERAL INFORMATION | |
| fixed length control field | 160519b xxu||||| |||| 00| 0 spa d |
| 082 14 - DEWEY DECIMAL CLASSIFICATION NUMBER | |
| Edition number | 14 |
| Classification number | 303.6 |
| 100 1# - MAIN ENTRY--PERSONAL NAME | |
| Personal name | Alberdi, Juan Bautista |
| Titles and other words associated with a name | 1810-1884 |
| 9 (RLIN) | 1412 |
| 245 13 - TITLE STATEMENT | |
| Title | La revolución del 80 / |
| Statement of responsibility, etc | Juan Bautista, Alberdi |
| 250 ## - EDITION STATEMENT | |
| Edition statement | 2a.ed. |
| 260 ## - PUBLICATION, DISTRIBUTION, ETC. (IMPRINT) | |
| Place of publication, distribution, etc | Buenos Aires : |
| Name of publisher, distributor, etc | Plus Ultra, |
| Date of publication, distribution, etc | 1964. |
| 300 ## - PHYSICAL DESCRIPTION | |
| Extent | 236 p. |
| 440 ## - SERIES STATEMENT/ADDED ENTRY--TITLE | |
| 9 (RLIN) | 3606 |
| Title | Politica e Historia |
| 520 ## - SUMMARY, ETC. | |
| Summary, etc | Tras un lapso de silencio de mas de medio siglo, y después de Bases y el Proyecto de Constitución para la República Argentina que sanciono el país y el Congreso Constituyente de Santa Fe, apareció esta obra con el titulo original de "La República Argentina consolidada en 1880 con la Ciudad de Buenos Aires por Capital", que hoy ofrecemos con el titulo de "La Revolución del 80", en su segunda edición. <br/>Leer una obra de Alberdi es conocer el medio ambiente es conocer el medio ambiente político-social y económico de una interesante hora patria, y esa hora corresponde en este libro al año 1880 con la revolución que pone fin a un drama que había durado setenta años en suelo argentino.<br/>"La Revolución del 80", que hoy nos complacemos en presentar, puede considerarse como el complemento de Bases. Así como se completan los cambios de 1852 y 1880, de igual manera se complementan estos dos libros, por lo que estamos seguros de la atención y el interés que ha de suscitar en los lectores. |
| 650 #0 - SUBJECT ADDED ENTRY--TOPICAL TERM | |
| 9 (RLIN) | 533 |
| Topical term or geographic name as entry element | REVOLUCION |
| 942 ## - ADDED ENTRY ELEMENTS (KOHA) | |
| Source of classification or shelving scheme | Dewey Decimal Classification |
| Item type | Libro, folleto, traducción |
| 980 ## - EQUIVALENCE OR CROSS-REFERENCE-SERIES STATEMENT--PERSONAL NAME/TITLE [LOCAL, CANADA] | |
| Field link and sequence number | 1943 |
| Miscellaneous information | VALERIA BEATRIZ DOMÍNGUEZ |
| Withdrawn status | Lost status | Source of classification or shelving scheme | Damaged status | Not for loan | Home library | Current library | Date acquired | Source of acquisition | Total Checkouts | Full call number | Barcode | Date last seen | Copy number | Price effective from | Koha item type |
|---|---|---|---|---|---|---|---|---|---|---|---|---|---|---|---|
| Dewey Decimal Classification | Biblioteca Central | Biblioteca Central | 19/05/2016 | Donación | 303.6 ALB | UNAJ16050435 | 17/03/2025 | 1 | 19/05/2016 | Libro, folleto, traducción |